000 01186cam a22003258a 4500
999 _c211
_d211
001 .b17873113
003 OCoLC
005 20190801101044.0
008 080423s2008 enka j 000 f eng
015 _2bnb
_aGBA860957
020 _a9780141324906 (pbk.)
020 _a0141324902 (pbk.)
035 _a(OCoLC)226974479
040 _aUKM
_cUKM
_dBTCTA
_dDAD
_dYDXCP
042 _anbic
082 0 4 _222
_aFIC KIN
100 1 _aKinney, Jeff.
_eauthor
245 1 0 _aDiary of a wimpy kid /
_cby Jeff Kinney.
260 _aLondon :
_bPuffin,
_c2008.
300 _a217 p. :
_bill. ;
_c20 cm.
490 _aDiary of a wimpy kid ;
_v1
520 _aGreg records his sixth grade experiences in a middle school where he and his best friend, Rowley, undersized weaklings amid boys who need to shave twice daily, hope just to survive, but when Rowley grows more popular, Greg must take drastic measures to save their friendship.
650 0 _aMiddle schools
_vJuvenile fiction.
650 0 _aFriendship
_vJuvenile fiction.
650 0 _aSchools
_vJuvenile fiction.
650 0 _aDiaries
_vJuvenile fiction.
655 0 _aDiary fiction.
655 0 _aChildren's stories.
942 _2ddc
_cFIC